[Event "RUS Cup tt"]
[Site "Sochi"]
[Date "2024.11.30"]
[Round "4.22"]
[White "Kapitonov, Nikolai"]
[Black "Marchuk, Rostislav"]
[Result "0-1"]
[WhiteElo "2003"]
[BlackElo "2107"]
[PlyCount "98"]
[EventDate "2024.11.27"]
[EventType "team-swiss"]
[EventRounds "7"]
[EventCountry "RUS"]
[SourceTitle "CB50_2024"]
[SourceDate "2024.11.01"]
[SourceVersion "1"]
[SourceVersionDate "2024.11.01"]
[SourceQuality "2"]
[WhiteTeam "Qkutiya III"]
[BlackTeam "Altay Region"]
[WhiteTeamCountry "RUS"]
[BlackTeamCountry "RUS"]

1. e4 d6 2. d4 Nf6 3. Nc3 e5 4. Nf3 Nbd7 5. Be3 c6 6. a4 Ng4 7. Bc1 Be7 8. h3 Ngf6 9. Be3 0-0 10. g4 exd4 11. Qxd4 d5 12. exd5 Bc5 13. Qd3 Bxe3 14. fxe3 Nxd5 15. Nxd5 Nc5 16. Qd4 Qxd5 17. Qxd5 cxd5 18. b4 Ne4 19. Bd3 f5 20. Bxe4 dxe4 21. Nh2 Bd7 22. Ra3 Rac8 23. c3 g5 24. gxf5 Rxf5 25. Rg1 Kf7 26. Ng4 Kg6 27. h4 h5 28. Nf2 g4 29. Ke2 Be6 30. Nxe4 Bc4+ 31. Kd1 Re5 32. Nf2 Rxe3 33. Nxg4 hxg4 34. Rxg4+ Kf5 35. Rd4 Ke5 36. Kd2 Rxc3 37. Kxc3 Bf1+ 38. Kd2 Kxd4 39. Rf3 Bg2 40. Rd3+ Ke5 41. a5 Be4 42. Rd7 a6 43. Re7+ Kd4 44. Rd7+ Bd5 45. Rg7 Rf8 46. h5 Rf2+ 47. Ke1 Rh2 48. Rg5 Ke3 49. Kd1 Rxh5 0-1